<?xml version="1.0" encoding="UTF-8"?><?xml-stylesheet type="text/xsl" href="static/style.xsl"?><OAI-PMH xmlns="http://www.openarchives.org/OAI/2.0/" xmlns:xsi="http://www.w3.org/2001/XMLSchema-instance" xsi:schemaLocation="http://www.openarchives.org/OAI/2.0/ http://www.openarchives.org/OAI/2.0/OAI-PMH.xsd"><responseDate>2026-06-01T08:29:39Z</responseDate><request verb="GetRecord" identifier="oai:riuma.uma.es:10630/45377" metadataPrefix="marc">https://riuma.uma.es/rest/oai/request</request><GetRecord><record><header><identifier>oai:riuma.uma.es:10630/45377</identifier><datestamp>2026-02-12T00:46:10Z</datestamp><setSpec>com_10630_2254</setSpec><setSpec>col_10630_37953</setSpec></header><metadata><record xmlns="http://www.loc.gov/MARC21/slim" xmlns:dcterms="http://purl.org/dc/terms/" xmlns:doc="http://www.lyncode.com/xoai" xmlns:xsi="http://www.w3.org/2001/XMLSchema-instance" xsi:schemaLocation="http://www.loc.gov/MARC21/slim http://www.loc.gov/standards/marcxml/schema/MARC21slim.xsd">
   <leader>00925njm 22002777a 4500</leader>
   <datafield ind2=" " ind1=" " tag="042">
      <subfield code="a">dc</subfield>
   </datafield>
   <datafield ind2=" " ind1=" " tag="720">
      <subfield code="a">Domínguez Yamasaki, Mª Isabel</subfield>
      <subfield code="e">author</subfield>
   </datafield>
   <datafield ind2=" " ind1=" " tag="260">
      <subfield code="c">2020-07</subfield>
   </datafield>
   <datafield ind2=" " ind1=" " tag="520">
      <subfield code="a">En la actualidad, cuando la contratación por adhesión sigue planteando numerosas controversias que requieren la intervención de legisladores e intérpretes del Derecho, podría decirse que el mayor reto al que se enfrenta el ámbito jurídico es la regulación del suministro de contenidos y servicios digitales. La preocupación por la protección en el tratamiento de datos personales, dado su rango de derecho fundamental, en cierto modo parece haber ensombrecido su necesaria consideración desde una perspectiva estrictamente contractual. Sin que el tratamiento de datos personales de los usuarios haya sido plenamente reconocido como posible contraprestación por el suministro de contenidos y servicios digitales, la realidad en el tráfico económico es otra.
En este trabajo se ha planteado y justificado la consideración del tratamiento de los datos personales como prestación contractual. A partir de dicho reconocimiento, se procede al estudio de la influencia de la normativa sobre la protección en el tratamiento de los datos personales en el Derecho de contratos y la posibilidad de que dicha legislación suponga un límite insólito al poder de predisposición en materia de condiciones generales de la contratación. De este modo, el referido límite derivaría en la facultad de decisión del usuario de contenidos y servicios digitales acerca de la gratuidad u onerosidad de estas prestaciones, cuando la contraprestación a su cargo consistiese exclusivamente en el tratamiento de sus datos personales.</subfield>
   </datafield>
   <datafield ind1="8" ind2=" " tag="024">
      <subfield code="a">Domínguez Yamasaki, M. I., "El tratamiento de datos personales como prestación contractual. Gratuidad de contenidos y servicios digitales a elección del usuario", Revista de Derecho Privado, Núm. 4, julio-agosto 2020, pags. 93-120</subfield>
   </datafield>
   <datafield ind1="8" ind2=" " tag="024">
      <subfield code="a">0034-7922</subfield>
   </datafield>
   <datafield ind1="8" ind2=" " tag="024">
      <subfield code="a">https://hdl.handle.net/10630/45377</subfield>
   </datafield>
   <datafield tag="653" ind2=" " ind1=" ">
      <subfield code="a">Protección de datos - Derecho y legislación</subfield>
   </datafield>
   <datafield ind2="0" ind1="0" tag="245">
      <subfield code="a">El tratamiento de datos personales como prestación contractual. Gratuidad de contenidos y servicios digitales a elección del usuario</subfield>
   </datafield>
</record>
</metadata></record></GetRecord></OAI-PMH>